Satellite Communications (Record no. 310071)

MARC details
000 -LEADER
fixed length control field 00419nam a2200169Ia 4500
008 - FIXED-LENGTH DATA ELEMENTS--GENERAL INFORMATION
fixed length control field 230718s9999 xx 000 0 und d
041 ## - LANGUAGE CODE
Language code of text/sound track or separate title eng
082 ## - DEWEY DECIMAL CLASSIFICATION NUMBER
Classification number 621.382'5
Item number ROD
100 ## - MAIN ENTRY--PERSONAL NAME
Personal name Roddy D.
245 ## - TITLE STATEMENT
Title Satellite Communications
250 ## - EDITION STATEMENT
Edition statement 2nd ed.
260 ## - PUBLICATION, DISTRIBUTION, ETC. (IMPRINT)
Date of publication, distribution, etc. 2001
Name of publisher, distributor, etc. Tata McGraw-Hill
300 ## - PHYSICAL DESCRIPTION
Extent 568
365 ## - TRADE PRICE
Currency code Rs.
Price amount 323.00
700 ## - ADDED ENTRY--PERSONAL NAME
Personal name Roddy D.
906 ## - LOCAL DATA ELEMENT F, LDF (RLIN)
d B:22583/22.2.0509-Nov-2005
c ELECT
b 64.6
Holdings
Withdrawn status Lost status Damaged status Not for loan Home library Current library Date acquired Vendor Budget Code Cost, normal purchase price Bill number Total Checkouts Full call number Barcode Date last seen Date last checked out Discount Cost, replacement price Bill Date Koha item type Original Barcode
        Cummins College of Engineering for Women Pune Cummins College of Engineering for Women Pune 28/02/2005 Pradeep Book Distributors ELECT 258.40 22583/22.2.05 1 621.382'5 CCEP-BK-21278 22/05/2024 16/04/2024 64.6 323.00 09/11/2005 Books 021278